| 000 | 00902nam a2200265 i 4500 | ||
|---|---|---|---|
| 003 | EG-ScBUE | ||
| 005 | 20240418094657.0 | ||
| 008 | 180418s2003 cc a f 000 0 mul d | ||
| 040 |
_aEG-ScBUE _beng _erda _cEG-ScBUE _dEG-ScBUE |
||
| 043 | _aa-cc--- | ||
| 082 | 0 | 4 |
_a951.77 _bNEW _222 |
| 245 | 0 | 0 | _aNew charm of the ancient city. |
| 264 | 1 |
_a[Beijing] : _bPress office of the people's government of Hohhot city, _c2003. |
|
| 300 |
_a1 volume (various pagings) : _bcolor illustrations ; _c22 cm |
||
| 336 |
_2rdacontent _atext _btxt |
||
| 337 |
_aunmediated _2rdamedia _bn |
||
| 338 |
_avolume _bnc _2rdacarrier |
||
| 546 | _aText in Chinese and English. | ||
| 651 | 7 |
_aHohhot (China) _xHistory. _2BUEsh |
|
| 651 | 7 |
_aHohhot (China) _xDescription and travel. _2BUEsh |
|
| 653 |
_bGGEN _cApril2018 |
||
| 655 | _vReading book | ||
| 942 |
_2ddc _cBB |
||
| 999 |
_c26542 _d26514 |
||